banner koha

Melhoramento de pastagens nativas por meio de introducao de gramineas exoticas (Registro n. 55436)

MARC details
000 -LÍDER
campo de controle de tamanho fixo 00968nam a22003257a 4500
001 - NÚMERO DE CONTROLE
campo de controle BR9603571
003 - IDENTIFICADOR DO NÚMERO DE CONTROLE
campo de controle BR-BrBNA
005 - DATA E HORÁRIO DA ÚLTIMA TRANSAÇÃO
campo de controle 20230928095242.0
007 - CAMPO FIXO DE DESCRIÇÃO FÍSICA--INFORMAÇÃO GERAL
campo de controle de tamanho fixo ta
008 - CAMPO DE DADOS FIXOS--INFORMAÇÃO GERAL
campo de controle de tamanho fixo 230509b bl.||||| |||| 00| 0 por d
040 ## - FONTE DA CATALOGAÇÃO
Instituição da catalogação original BR-BrBNA
Idioma da catalogação por
Instituição que transcreveu o registro Biblioteca Nacional de Agricultura
041 ## - CÓDIGO DE IDIOMA
Código do idioma do texto/trilha sonora ou título diferente (Por)
072 ## - CÓDIGO DE CATEGORIA DE ASSUNTO
Código de Categoria de Assunto F01
Código do objeto 1910
090 ## - NÚMERO DE CHAMADA LOCAL
-- 1910 BR9603571
100 1# - ENTRADA PRINCIPAL--NOME PESSOAL
Nome pessoal Rezende, A.V. de
110 1# - ENTRADA PRINCIPAL--NOME CORPORATIVO
Nome corporativo ou nome da jurisdição Universidade Federal de Lavras, MG (Brasil)
Grau Universitário Tese (Mestre em Zootecnia)
245 1# - TÍTULO
Título Melhoramento de pastagens nativas por meio de introducao de gramineas exoticas
260 3# - PUBLICAÇÃO, DISTRIBUIÇÃO, ETC.
Local de publicação, distribuição, etc. Lavras, MG (Brasil):
Data da publicação, distribuição, etc. 1995.
300 ## - DESCRIÇÃO FÍSICA
Extensão 93 p.
500 ## - NOTA GERAL
Nota geral Summaries (Eng, Por); Bibliography p. 73-83
650 ## - ASSUNTO--TERMO TÓPICO
Cabeçalho tópico ou nome geográfico Pastagem Natural
650 ## - ASSUNTO--TERMO TÓPICO
Cabeçalho tópico ou nome geográfico Introducao de Planta
650 ## - ASSUNTO--TERMO TÓPICO
Cabeçalho tópico ou nome geográfico Capim Brachiaria
650 ## - ASSUNTO--TERMO TÓPICO
Cabeçalho tópico ou nome geográfico Capim Andropogon
650 ## - ASSUNTO--TERMO TÓPICO
Cabeçalho tópico ou nome geográfico Sistema de Cultivo
650 ## - ASSUNTO--TERMO TÓPICO
Cabeçalho tópico ou nome geográfico Plantio
650 ## - ASSUNTO--TERMO TÓPICO
Cabeçalho tópico ou nome geográfico Minas Gerais
909 ## -
-- 202309
-- Lucia
-- 55
-- Lucia Elande
942 ## - ELEMENTOS DE ENTRADA ADICIONADOS (KOHA)
Tipo de material Koha Livros
Exemplares
Situação do descarte Fonte da classificação ou esquema de arquivamento na estante Situação física Não pode ser emprestado Coleção Biblioteca de origem Biblioteca atual Total de empréstimos Número de telefone completo Código de barras Data de último acesso Número do exemplar Tipo de material Koha Situação das perdas Data de aquisição Fonte de aquisição
  Classificação AGRIS       Biblioteca Nacional de Agricultura - Binagri Biblioteca Nacional de Agricultura - Binagri   1910 BR9603571 1910 BR9603571 25/09/2023 01 Livros   2023-09-25 Portaria Interministerial nº 164/94

BINAGRI

Telefone: (61)3218-2567/2388/3357/2097 - binagri@agro.gov.br

Ministério da Agricultura e Pecuária , Esplanada dos Ministérios, Bloco D, Anexo B, Brasília/DF, CEP: 70.043-900